[Event "Titled Tue 27th May Early"]
[Site "chess.com INT"]
[Date "2025.05.27"]
[Round "8"]
[White "Robert, Yoann"]
[Black "Rustamov, Rustam"]
[Result "0-1"]
[WhiteTitle "CM"]
[BlackTitle "FM"]
[WhiteElo "2198"]
[BlackElo "2323"]
[WhiteFideId "36018805"]
[BlackFideId "13440110"]
[EventDate "2025.05.27"]

1. f4 Nf6 2. Nf3 c5 3. g3 g6 4. Bg2 Bg7 5. O-O O-O 6. d3 d5 7. c3 Nc6 8. a4 d4
9. e4 dxe3 10. Bxe3 b6 11. Na3 Nd5 12. Bd2 Ba6 13. Nb5 Rc8 14. Qe2 Nc7 15. Ne5
Nxe5 16. fxe5 Nxb5 17. axb5 Bxb5 18. c4 Bc6 19. Rxa7 Bxg2 20. Kxg2 e6 21. Bc3
Rc7 22. Ra6 Rd7 23. Rf3 Qc7 24. Qe4 Rfd8 25. b4 cxb4 26. Bxb4 Bxe5 27. Be1 Bd4
28. Bd2 Qb7 29. Qxb7 Rxb7 30. Bg5 Rc8 31. Rf4 Rd7 32. Kf1 e5 33. Rf3 f5 34. Ke2
Re8 35. Be3 e4 36. dxe4 Rxe4 37. Kf2 Rxe3 38. Rxe3 Re7 39. Ra3 Kf7 40. Kf3 Bxe3
41. Rxe3 Rxe3+ 42. Kxe3 Ke6 43. Kd4 Kd6 44. h4 h6 45. Kd3 Kc5 46. Ke3 Kxc4 47.
Kf4 b5 48. Ke5 b4 49. Kf6 b3 50. Kxg6 b2 51. Kxf5 b1=Q+ 52. Kf6 h5 53. Kg5 Qd1 0-1

[Event "Titled Tue 27th May Early"]
[Site "chess.com INT"]
[Date "2025.05.27"]
[Round "8"]
[White "Sheehan, Ethan"]
[Black "Ivannikov, Maksim"]
[Result "1-0"]
[BlackTitle "CM"]
[WhiteElo "2380"]
[BlackElo "2184"]
[WhiteFideId "30943965"]
[BlackFideId "34275339"]
[EventDate "2025.05.27"]

1. d4 Nf6 2. Nf3 g6 3. c4 Bg7 4. Nc3 O-O 5. e4 d6 6. Be2 e5 7. O-O Nc6 8. d5 Ne7
9. b4 Nd7 10. Be3 f5 11. Ng5 Nf6 12. f3 h6 13. Ne6 Bxe6 14. dxe6 c6 15. Qb3 Kh7
16. Rad1 Qc7 17. Rd2 Rad8 18. Rfd1 b5 19. a4 bxc4 20. Bxc4 fxe4 21. fxe4 Ng4 22.
Ne2 Nxe3 23. Qxe3 h5 24. Qc3 d5 25. exd5 Qb6+ 26. Kh1 cxd5 27. Ba2 Qxe6 28. Qc5
Qf6 29. Bxd5 Bh6 30. Rd3 Qf2 31. Qxe7+ Bg7 32. Ng1 Rde8 33. Qb7 Rf4 34. Qc6 Ref8
35. Nh3 Qe2 36. Nxf4 Rxf4 37. Bf3 Qb2 38. Rd7 e4 39. Bxe4 Qxb4 40. Qxg6+ 1-0

[Event "Titled Tue 27th May Early"]
[Site "chess.com INT"]
[Date "2025.05.27"]
[Round "8"]
[White "Jakubowski, Krzysztof"]
[Black "Vakhidov, Jakhongir"]
[Result "0-1"]
[WhiteTitle "GM"]
[BlackTitle "GM"]
[WhiteElo "2448"]
[BlackElo "2546"]
[WhiteFideId "1112848"]
[BlackFideId "14201801"]
[EventDate "2025.05.27"]

1. e4 c5 2. Nf3 g6 3. d4 cxd4 4. Nxd4 Bg7 5. c4 Nc6 6. Be3 Qb6 7. Nb5 Qa5+ 8.
N5c3 d6 9. Be2 Qb4 10. Qc1 Bd4 11. Bd2 Qc5 12. O-O Nf6 13. Bh6 Bg4 14. Qd1 Qh5
15. Bf4 Bxe2 16. Nxe2 Bxb2 17. Nbc3 Bxa1 18. Qxa1 O-O 19. h3 Qc5 20. Bh6 Qxc4
21. Nd5 Nh5 22. g4 Qxe2 23. gxh5 f6 24. f3 e5 25. Rf2 Qd3 26. Qb2 Rf7 27. Nxf6+
Kh8 28. Kg2 gxh5 29. Rd2 Qc4 30. Rxd6 Qb4 31. Qxb4 Nxb4 32. Nxh5 Rg8+ 33. Kf2
Nc6 34. Ke3 Rg6 35. Rxg6 hxg6 36. Ng3 Kh7 37. Bg5 Nd4 38. f4 Ne6 39. Ne2 Nxg5
40. fxg5 Rf1 41. h4 Rh1 42. a4 Rh3+ 0-1

[Event "Titled Tue 27th May Early"]
[Site "chess.com INT"]
[Date "2025.05.27"]
[Round "8"]
[White "Pavlidou, Ekaterini"]
[Black "Tsyhanchuk, Stanislav"]
[Result "1-0"]
[WhiteTitle "WIM"]
[BlackTitle "IM"]
[WhiteElo "2198"]
[BlackElo "2273"]
[WhiteFideId "4213262"]
[BlackFideId "13505130"]
[EventDate "2025.05.27"]

1. d4 d5 2. c4 e6 3. Nc3 Nf6 4. cxd5 exd5 5. Bg5 Be7 6. e3 c6 7. Bd3 Nbd7 8.
Nge2 h6 9. Bh4 Nh5 10. Bxe7 Qxe7 11. g4 Nhf6 12. h3 O-O 13. Ng3 Re8 14. Nf5 Qb4
15. Qc2 Nf8 16. a3 Qb6 17. Ng3 Qxd4 18. O-O-O Qb6 19. Nh5 N8d7 20. Rhg1 Nxh5 21.
gxh5 Nf6 22. Ne2 Qc7 23. Nf4 Qe5 24. Rg3 Kh8 25. Bg6 Qe7 26. Rdg1 Qc7 27. Bxf7
Qxf7 28. Rxg7 Qxg7 29. Rxg7 Ne4 30. Rc7 Bf5 31. f3 Nd6 32. Qc3+ d4 33. Qxd4+ Re5
34. Qxe5+ Kg8 35. Qg7# 1-0

[Event "Titled Tue 27th May Early"]
[Site "chess.com INT"]
[Date "2025.05.27"]
[Round "8"]
[White "Parfenov, Viktor N."]
[Black "Rossi, Maximiliano"]
[Result "1-0"]
[WhiteTitle "CM"]
[WhiteElo "2193"]
[BlackElo "2013"]
[WhiteFideId "4165969"]
[BlackFideId "113425"]
[EventDate "2025.05.27"]

1. d4 Nf6 2. Bg5 g6 3. Bxf6 exf6 4. e3 Bg7 5. c4 O-O 6. Nc3 c5 7. dxc5 f5 8. Bd3
Na6 9. Nge2 Nxc5 10. O-O b6 11. Rc1 Bb7 12. Nf4 Qg5 13. g3 h5 14. h4 Qf6 15. b4
Nxd3 16. Qxd3 Rfe8 17. Ncd5 Qe5 18. Rfd1 a5 19. b5 Qd6 20. Nc3 Qe5 21. Na4 Be4
22. Qd6 Rab8 23. Nxb6 Rxb6 24. Qxb6 Ba8 25. Qd6 Qe4 26. Nd5 Be5 27. Qxd7 Kf8 28.
b6 Qf3 29. b7 Bxg3 30. Qxe8+ Kg7 31. fxg3 Qxg3+ 32. Kf1 Qf3+ 33. Ke1 Bxb7 34.
Qe5+ Kh6 35. Qf4+ Qxf4 36. exf4 1-0

[Event "Titled Tue 27th May Early"]
[Site "chess.com INT"]
[Date "2025.05.27"]
[Round "8"]
[White "Fikiet, Alex"]
[Black "Khamdamova, Afruza"]
[Result "0-1"]
[BlackTitle "WIM"]
[WhiteElo "2151"]
[BlackElo "2344"]
[WhiteFideId "2052717"]
[BlackFideId "14210444"]
[EventDate "2025.05.27"]

1. e4 e5 2. Bc4 Nf6 3. d3 c6 4. Nf3 d5 5. Bb3 Bd6 6. Nc3 d4 7. Ne2 O-O 8. O-O c5
9. Ng3 Nc6 10. Nh4 Bc7 11. Nhf5 Ne7 12. Bg5 Nxf5 13. exf5 h6 14. Bh4 Qd6 15. Qf3
Bd7 16. Qxb7 Bc6 17. Qa6 Rfb8 18. Bxf6 Qxf6 19. Ne4 Bxe4 20. Qxf6 gxf6 21. dxe4
a5 22. Bd5 Ra6 23. b3 a4 24. g4 a3 25. h4 Kf8 26. Kg2 Ke7 27. Kf3 Rg8 28. Rh1
Ba5 29. Rag1 Bd2 30. Ke2 Bf4 31. Kd3 Rb6 32. f3 Rb4 33. g5 fxg5 34. hxg5 Rxg5
35. Rxg5 Bxg5 36. Bc4 f6 37. Bd5 Kd6 38. Bc4 Rb8 39. Bd5 Rh8 40. Rh5 Rh7 41. Bc4
Rg7 42. Bd5 Be3 43. Rh2 Rg1 44. Kc4 Ra1 45. Kb5 Rxa2 46. b4 Rb2 0-1

[Event "Titled Tue 27th May Early"]
[Site "chess.com INT"]
[Date "2025.05.27"]
[Round "8"]
[White "Ollier, Pablo"]
[Black "Melikhov, Evgeny V."]
[Result "1-0"]
[WhiteTitle "FM"]
[BlackTitle "FM"]
[WhiteElo "2284"]
[BlackElo "2154"]
[WhiteFideId "652318"]
[BlackFideId "4122046"]
[EventDate "2025.05.27"]

1. d4 Nf6 2. c4 e6 3. Nc3 Bb4 4. e3 b6 5. Ne2 Ba6 6. Ng3 O-O 7. e4 d5 8. cxd5
exd5 9. e5 Ne4 10. Bxa6 Nxa6 11. Qd3 Qc8 12. Nxe4 dxe4 13. Qxe4 Qe6 14. O-O Bxc3
15. bxc3 c6 16. Ba3 Rfe8 17. Rfe1 b5 18. h3 f5 19. Qf3 Nc7 20. Bd6 Nd5 21. c4
bxc4 22. Rec1 c3 23. Rab1 Red8 24. Rb7 Rd7 25. Rb3 a5 26. Rbxc3 Nxc3 27. Rxc3
Rc8 28. Rxc6 Rxc6 29. Qxc6 Rd8 30. d5 Qd7 31. Qb6 a4 32. Qa5 h6 33. a3 Kh7 34.
Kh2 Kh8 35. f4 Kh7 36. Bc7 Rc8 37. d6 Qc6 38. Qe1 Qe4 39. Qxe4 fxe4 40. d7 Rxc7
41. d8=Q 1-0

[Event "Titled Tue 27th May Early"]
[Site "chess.com INT"]
[Date "2025.05.27"]
[Round "8"]
[White "Gyurjinyan, Valter"]
[Black "Goryachkina, Aleksandra"]
[Result "1-0"]
[WhiteTitle "CM"]
[BlackTitle "GM"]
[WhiteElo "2208"]
[BlackElo "2544"]
[WhiteFideId "13318179"]
[BlackFideId "4147103"]
[EventDate "2025.05.27"]

1. e4 c6 2. Nc3 d5 3. Nf3 dxe4 4. Nxe4 Nf6 5. Qe2 Nxe4 6. Qxe4 Qa5 7. Bc4 Bf5 8.
Qf4 Nd7 9. O-O e6 10. d3 Be7 11. Bd2 Qd8 12. Rfe1 O-O 13. Bc3 b5 14. Bb3 a5 15.
a3 c5 16. Bd5 Rb8 17. Be4 b4 18. axb4 axb4 19. Bd2 Bxe4 20. dxe4 c4 21. Rad1 Qc8
22. c3 Nc5 23. Qg3 f6 24. cxb4 Nd3 25. Bh6 Rf7 26. Re2 Bxb4 27. Rc2 Bc5 28. Be3
Bxe3 29. fxe3 Rxb2 30. Rc3 Qa6 31. h4 Rf8 32. h5 h6 33. Qg6 Rfb8 34. Rdxd3 Qa1+
35. Kh2 Rb1 36. Rd7 1-0

[Event "Titled Tue 27th May Early"]
[Site "chess.com INT"]
[Date "2025.05.27"]
[Round "8"]
[White "Gubajdullin, Alexei"]
[Black "Calvo Gonzalez, Jose Felix"]
[Result "1-0"]
[WhiteTitle "FM"]
[BlackTitle "CM"]
[WhiteElo "2227"]
[BlackElo "2168"]
[WhiteFideId "4141202"]
[BlackFideId "54505615"]
[EventDate "2025.05.27"]

1. Nf3 Nf6 2. g3 g6 3. Bg2 Bg7 4. O-O O-O 5. d3 b6 6. Nbd2 Bb7 7. e4 d6 8. e5
dxe5 9. Nxe5 Bxg2 10. Kxg2 Qd5+ 11. Qf3 Qxf3+ 12. Ndxf3 Nbd7 13. Nc6 e6 14. c4
Nb8 15. Ne7+ Kh8 16. Ne5 Ng8 17. N7c6 Nxc6 18. Nxc6 Rfe8 19. d4 Ne7 20. Ne5 Bxe5
21. dxe5 c5 22. Bg5 Nf5 23. Rad1 Nd4 24. Rfe1 Rac8 25. h4 h5 26. Re4 Rc7 27. g4
Kh7 28. Bf6 a6 29. Rd3 b5 30. Rg3 hxg4 31. Rexg4 Nf5 32. Rh3 Kh6 33. h5 gxh5 34.
Rg5 h4 35. Rg4 Rcc8 36. Bxh4 Rg8 37. Bg5+ Kg6 38. Be7# 1-0

[Event "Titled Tue 27th May Early"]
[Site "chess.com INT"]
[Date "2025.05.27"]
[Round "8"]
[White "Salimova, Asal"]
[Black "Manukian, Artak"]
[Result "1/2-1/2"]
[WhiteTitle "WCM"]
[WhiteElo "2003"]
[BlackElo "2104"]
[WhiteFideId "14204940"]
[BlackFideId "13301373"]
[EventDate "2025.05.27"]

1. d4 d5 2. c4 dxc4 3. Nf3 Nf6 4. e3 e6 5. Bxc4 c5 6. O-O a6 7. b3 Nc6 8. Bb2
cxd4 9. exd4 Be7 10. Nbd2 O-O 11. Rc1 Nb4 12. a3 Nbd5 13. b4 b5 14. Bd3 Bb7 15.
Nb3 Nf4 16. Nc5 Bxc5 17. Rxc5 Nxd3 18. Qxd3 Bxf3 19. Qxf3 Nd5 20. Bc1 Rc8 21.
Be3 Rxc5 22. dxc5 a5 23. Bd2 axb4 24. axb4 Qf6 25. Qd3 Rb8 26. Rc1 Nf4 27. Qd6
Ne2+ 28. Kf1 Rd8 29. Qxd8+ Qxd8 30. Kxe2 f6 31. c6 Qc7 32. Be3 Kf7 33. Bb6 Qe5+
34. Be3 Qc7 35. Bb6 Qe5+ 36. Be3 Qc7 1/2-1/2

[Event "Titled Tue 27th May Early"]
[Site "chess.com INT"]
[Date "2025.05.27"]
[Round "8"]
[White "Fernandes, Rogerio Paulo Muller"]
[Black "Luukkonen, Tommi"]
[Result "0-1"]
[BlackTitle "FM"]
[WhiteElo "2241"]
[BlackElo "2250"]
[WhiteFideId "2101599"]
[BlackFideId "501808"]
[EventDate "2025.05.27"]

1. c4 e5 2. g3 Nf6 3. Bg2 c6 4. Nf3 e4 5. Nd4 d5 6. cxd5 Qxd5 7. Nc2 Qh5 8. h3
Qg6 9. Nc3 Nbd7 10. Ne3 h5 11. h4 Bc5 12. Qc2 Bxe3 13. dxe3 Nc5 14. b4 Na6 15.
b5 cxb5 16. Bxe4 Nxe4 17. Qxe4+ Qxe4 18. Nxe4 O-O 19. Bd2 Be6 20. Nd6 Rfd8 21.
Nxb7 Rd7 22. Na5 Rc8 23. Nb3 Bxb3 24. axb3 Nc5 25. Rb1 Ne4 26. Bb4 Rc2 27. Rg1
Ra2 28. f3 Nd2 29. Rd1 Nxf3+ 30. exf3 Rxd1+ 31. Kxd1 Ra1+ 32. Ke2 Rxg1 33. Bd6
f6 34. b4 Kf7 35. Kd3 Ke6 36. Bb8 a6 37. Kd4 Rc1 38. e4 Rc4+ 39. Ke3 Rxb4 40. g4
hxg4 41. fxg4 a5 42. h5 a4 43. Kf4 a3 44. g5 fxg5+ 45. Kxg5 Rxe4 0-1

[Event "Titled Tue 27th May Early"]
[Site "chess.com INT"]
[Date "2025.05.27"]
[Round "8"]
[White "Levitan, Caleb Levi"]
[Black "Kislinsky, Alexey"]
[Result "1-0"]
[WhiteTitle "FM"]
[BlackTitle "GM"]
[WhiteElo "2333"]
[BlackElo "2350"]
[WhiteFideId "14332620"]
[BlackFideId "14108801"]
[EventDate "2025.05.27"]

1. e4 c6 2. d4 d5 3. e5 Bf5 4. Bd3 Bxd3 5. Qxd3 e6 6. Ne2 Qb6 7. Nd2 c5 8. c3
Nc6 9. O-O Nh6 10. Nf3 Nf5 11. a3 a5 12. g4 Nh6 13. h3 Be7 14. Be3 c4 15. Qd2
Ng8 16. Nh2 h5 17. f4 hxg4 18. hxg4 a4 19. f5 O-O-O 20. fxe6 fxe6 21. Nf4 Na5
22. Qc2 Nb3 23. Rae1 Bg5 24. Nxd5 Bxe3+ 25. Nxe3 Ne7 26. Nxc4 Qc6 27. Nd6+ Rxd6
28. exd6 Qxd6 29. Qe2 Kd7 30. Qe5 Qc6 31. Rf7 Re8 32. Nf3 b6 33. Qxg7 Na5 34.
Ne5+ 1-0

[Event "Titled Tue 27th May Early"]
[Site "chess.com INT"]
[Date "2025.05.27"]
[Round "8"]
[White "Shuvalova, Polina"]
[Black "Chan, Kim Yew"]
[Result "0-1"]
[WhiteTitle "IM"]
[BlackTitle "FM"]
[WhiteElo "2494"]
[BlackElo "2304"]
[WhiteFideId "24171760"]
[BlackFideId "5717981"]
[EventDate "2025.05.27"]

1. Nf3 Nc6 2. e4 e5 3. Nc3 Nf6 4. Bb5 Bb4 5. O-O Bxc3 6. bxc3 d6 7. d4 Bd7 8.
Re1 O-O 9. a4 Re8 10. Bd3 d5 11. exd5 Nxd5 12. dxe5 Bg4 13. c4 Nxe5 14. cxd5
Bxf3 15. gxf3 Nxf3+ 16. Qxf3 Rxe1+ 17. Kg2 Rxc1 18. Bxh7+ Kxh7 19. Qh5+ Kg8 20.
Rxc1 Qf6 21. Re1 Rd8 22. c4 Qf4 23. Re7 g6 24. Qe5 Qxe5 25. Rxe5 Kf8 26. Re3 Rd6
27. Rb3 b6 28. Kg3 Rf6 29. f4 Ke7 30. Re3+ Kd7 31. Kg4 c6 32. Kg5 Rf5+ 33. Kg4
cxd5 34. cxd5 Rxd5 35. Re4 f5+ 0-1

[Event "Titled Tue 27th May Early"]
[Site "chess.com INT"]
[Date "2025.05.27"]
[Round "8"]
[White "Bodemar, Jonathan"]
[Black "Dauer, Andre Leonardo"]
[Result "1-0"]
[WhiteTitle "CM"]
[BlackTitle "CM"]
[WhiteElo "2150"]
[BlackElo "2138"]
[WhiteFideId "6205488"]
[BlackFideId "2126915"]
[EventDate "2025.05.27"]

1. e4 e6 2. d4 d5 3. Nc3 Nf6 4. e5 Nfd7 5. f4 c5 6. Nf3 Nc6 7. Be3 Qb6 8. Qd2
cxd4 9. Nxd4 Nxd4 10. Bxd4 Bc5 11. Na4 Qc7 12. Nxc5 Nxc5 13. Qc3 b6 14. b4 Na6
15. Bb5+ Kd8 16. Qa3 Qxc2 17. O-O Nc7 18. Bd3 Qc6 19. Rac1 Qb7 20. b5 Bd7 21.
Qd6 Rc8 22. f5 Ne8 23. Qa3 Rxc1 24. Rxc1 exf5 25. Bf2 h6 26. e6 fxe6 27. Qc3 Nf6
28. Bh4 Rf8 29. Qe5 g5 30. Bg3 f4 31. Be1 Ne8 32. Bb4 Rf7 33. Bg6 Rf5 34. Bxf5
exf5 35. Qe7# 1-0

[Event "Titled Tue 27th May Early"]
[Site "chess.com INT"]
[Date "2025.05.27"]
[Round "8"]
[White "Chaulagain, Purusottam"]
[Black "Vusatiuk, Vladimir"]
[Result "1-0"]
[WhiteTitle "CM"]
[BlackTitle "IM"]
[WhiteElo "1898"]
[BlackElo "2286"]
[WhiteFideId "12300730"]
[BlackFideId "14118610"]
[EventDate "2025.05.27"]

1. d4 Nf6 2. Nc3 d5 3. Bf4 g6 4. Nb5 Na6 5. e3 Bg7 6. Nc3 O-O 7. Bxa6 bxa6 8.
Nf3 Rb8 9. Rb1 Nh5 10. Bg5 h6 11. Bh4 g5 12. Bg3 Nxg3 13. hxg3 c5 14. Nxg5 hxg5
15. Qh5 f6 16. dxc5 Bf5 17. Qe2 Qa5 18. O-O Qxc5 19. Rfd1 Rfd8 20. Qxa6 Bg6 21.
Rd2 Rb6 22. Qxa7 f5 23. Na4 Qb5 24. Nxb6 Rd6 25. Nc8 Ra6 26. Nxe7+ Kh7 27. Qc7
Kh6 28. Nxg6 Kxg6 29. a3 Bc3 30. Qxc3 Rc6 31. Qd3 Qb6 32. Qxd5 g4 33. Rbd1 Kg5
34. b4 Rh6 35. e4 1-0

[Event "Titled Tue 27th May Early"]
[Site "chess.com INT"]
[Date "2025.05.27"]
[Round "8"]
[White "Miranda Camus, Joaquin Ignacio"]
[Black "Begunov, Konstantin"]
[Result "0-1"]
[WhiteTitle "FM"]
[BlackTitle "FM"]
[WhiteElo "2196"]
[BlackElo "2325"]
[WhiteFideId "3449300"]
[BlackFideId "4118510"]
[EventDate "2025.05.27"]

1. e4 c5 2. Nf3 d6 3. d4 cxd4 4. Nxd4 Nf6 5. Nc3 a6 6. Bc4 e6 7. O-O Be7 8. f4
O-O 9. a3 Nxe4 10. Nxe4 d5 11. Bd3 dxe4 12. Bxe4 Bf6 13. c3 Qb6 14. Rf2 Nc6 15.
Be3 Nxd4 16. cxd4 Bd7 17. Qf3 Rab8 18. Rd1 Qb3 19. g4 Bc6 20. Rd3 Qxd3 21. Bxd3
Bxf3 22. Rxf3 Rfd8 23. Rh3 g6 24. f5 exf5 25. gxf5 Bxd4 26. fxg6 hxg6 27. Kf2
Bxe3+ 28. Rxe3 Re8 29. Rf3 Rbd8 30. Bc4 Rd2+ 31. Kg3 Re7 32. Rf6 Kg7 33. Rb6 Rc7
34. b3 Rc2 35. h4 Re7 36. Kf3 Rc3+ 37. Kf2 Rh3 38. Bd5 Rxh4 39. Bxb7 a5 40. Bd5
Rh5 41. Bc4 Rf5+ 42. Kg3 Re3+ 43. Kg2 Ree5 44. Rb7 Rf4 45. a4 Rg5+ 46. Kh3 Kh6
47. Bxf7 Rf3+ 48. Kh2 Rf2+ 49. Kh3 Rfg2 50. Bg8 R5g3+ 51. Kh4 g5# 0-1

[Event "Titled Tue 27th May Early"]
[Site "chess.com INT"]
[Date "2025.05.27"]
[Round "8"]
[White "Aradhya, Garg"]
[Black "Khazhatuly, Alikhan"]
[Result "1-0"]
[WhiteTitle "IM"]
[BlackTitle "CM"]
[WhiteElo "2383"]
[BlackElo "2196"]
[WhiteFideId "25006746"]
[BlackFideId "13731335"]
[EventDate "2025.05.27"]

1. d4 d5 2. c4 e6 3. Nc3 Nf6 4. Nf3 Be7 5. Bf4 O-O 6. e3 c6 7. Qc2 b6 8. cxd5
exd5 9. Ne5 Nh5 10. Bd3 h6 11. O-O-O b5 12. g4 Nxf4 13. exf4 a5 14. h4 Bd7 15.
g5 h5 16. Qe2 g6 17. f5 Bxf5 18. Bxf5 Bxg5+ 19. hxg5 Qxg5+ 20. Qe3 Qxf5 21. Rdg1
Kg7 22. Rg5 Qf6 23. Rhxh5 Qd8 24. Qh3 Rh8 25. Rxh8 Qxg5+ 26. Kd1 Kf6 27. Rf8 Ke7
28. Rxf7+ Kd6 29. Rd7+ Nxd7 30. Qxd7# 1-0

[Event "Titled Tue 27th May Early"]
[Site "chess.com INT"]
[Date "2025.05.27"]
[Round "8"]
[White "Daspres, Loic"]
[Black "Kim, Sergey"]
[Result "0-1"]
[WhiteTitle "CM"]
[BlackTitle "FM"]
[WhiteElo "2207"]
[BlackElo "2295"]
[WhiteFideId "20612281"]
[BlackFideId "13700570"]
[EventDate "2025.05.27"]

1. e4 e5 2. Nf3 Nc6 3. Bb5 a6 4. Ba4 Nf6 5. d3 b5 6. Bb3 Bc5 7. a4 Rb8 8. axb5
axb5 9. Nc3 d6 10. h3 h6 11. O-O O-O 12. Ne2 Bb6 13. Ng3 Be6 14. c3 Re8 15. Be3
Ne7 16. Bxb6 Rxb6 17. Ra7 Ng6 18. Bxe6 fxe6 19. Qb3 Nf4 20. Rd1 Nd7 21. d4 Rf8
22. dxe5 Nxh3+ 23. Kf1 Nc5 24. Qa2 Ng5 25. Nxg5 Qxg5 26. b4 Qxg3 27. bxc5 dxc5
28. Rxc7 Ra6 29. Qd2 Qxe5 30. Qd7 Ra2 31. f3 b4 32. cxb4 cxb4 33. Kg1 b3 34. Kh1
Qh5+ 35. Kg1 Qg5 0-1

[Event "Titled Tue 27th May Early"]
[Site "chess.com INT"]
[Date "2025.05.27"]
[Round "8"]
[White "Andriienko, Artom"]
[Black "Aakash, G"]
[Result "0-1"]
[BlackTitle "FM"]
[WhiteElo "2153"]
[BlackElo "2114"]
[WhiteFideId "34129510"]
[BlackFideId "25644394"]
[EventDate "2025.05.27"]

1. e4 e6 2. d4 d5 3. e5 c5 4. c3 Nc6 5. Nf3 Qb6 6. Bd3 cxd4 7. O-O Bd7 8. Re1
Nge7 9. h4 a6 10. Nbd2 dxc3 11. bxc3 Nf5 12. Nb3 g6 13. h5 a5 14. Rb1 Qa7 15.
Bxf5 gxf5 16. Nbd4 Bc5 17. Nb5 Qb8 18. Bg5 Rg8 19. Be3 Be7 20. h6 Rg4 21. Nh2
Nxe5 22. Bd4 Re4 23. f3 Rxe1+ 24. Qxe1 Ng6 25. Nf1 Qf4 26. g3 Qb8 27. f4 Bxb5
28. Rxb5 Qc7 29. a4 Bd6 30. Nd2 Kd7 31. Qb1 Rb8 32. Nf3 Ne7 33. Ne5+ Ke8 34. Bb6
Qxc3 35. Kf2 Nc6 36. Nxc6 bxc6 37. Rb3 Qd2+ 38. Kg1 d4 0-1

[Event "Titled Tue 27th May Early"]
[Site "chess.com INT"]
[Date "2025.05.27"]
[Round "8"]
[White "Sadubayev, Airat"]
[Black "Pribelszky, Bence"]
[Result "1-0"]
[WhiteTitle "FM"]
[BlackTitle "IM"]
[WhiteElo "2211"]
[BlackElo "2400"]
[WhiteFideId "13713264"]
[BlackFideId "769738"]
[EventDate "2025.05.27"]

1. d4 Nf6 2. c4 e6 3. Nf3 d5 4. g3 Be7 5. Bg2 O-O 6. O-O dxc4 7. Qc2 Bd7 8. Qxc4
Bc6 9. Nc3 Nbd7 10. Rd1 Nb6 11. Qd3 Bd6 12. e4 Be7 13. Ne5 Be8 14. Be3 Qc8 15.
Rac1 c6 16. d5 exd5 17. exd5 Ng4 18. Nxg4 Qxg4 19. d6 Bf6 20. Bxb6 axb6 21. d7
Rd8 22. dxe8=Q Rfxe8 23. Qf3 Qb4 24. Rxd8 Rxd8 25. Qe2 g6 26. h4 h5 27. Rd1 Bd4
28. Kh2 Kg7 29. a3 Qc5 30. Rd2 Rf8 31. Ne4 Qe5 32. Ng5 Qf6 33. Ne4 Qe5 34. f4
Qd5 35. Qd1 c5 36. Nxc5 Qxc5 37. Rxd4 Re8 38. Rd5 Qf2 39. Qd4+ Qxd4 40. Rxd4 Re2
41. Rb4 f6 42. Rxb6 g5 43. fxg5 fxg5 44. hxg5 h4 45. gxh4 Rxg2+ 46. Kxg2 1-0

[Event "Titled Tue 27th May Early"]
[Site "chess.com INT"]
[Date "2025.05.27"]
[Round "8"]
[White "Souleidis, Georgios"]
[Black "Cardozo Munar, Carlos Eduardo"]
[Result "1-0"]
[WhiteTitle "IM"]
[BlackTitle "FM"]
[WhiteElo "2418"]
[BlackElo "2052"]
[WhiteFideId "4206827"]
[BlackFideId "4409477"]
[EventDate "2025.05.27"]

1. e4 e6 2. d4 d5 3. Nc3 Nf6 4. Bg5 Be7 5. e5 Nfd7 6. Bxe7 Qxe7 7. f4 Nc6 8. Nf3
Nb6 9. Bd3 Bd7 10. O-O f6 11. a4 fxe5 12. fxe5 O-O-O 13. a5 Nc4 14. Bxc4 dxc4
15. Qe2 Qb4 16. a6 b6 17. Ne4 Kb8 18. c3 Qb5 19. Nfg5 Na5 20. Nf7 Bc6 21. Nxh8
Rxh8 22. Ng5 Qd5 23. Rae1 h6 24. Ne4 Bd7 25. Rf7 Bc8 26. Ng3 Bxa6 27. Qf3 Qd8
28. Rf1 Bb7 29. Qe2 Bd5 30. Rxg7 Rf8 31. Rgf7 Rxf7 32. Rxf7 Qg8 33. Rf6 Qg5 34.
Nf1 Nb3 35. Ne3 Nc1 36. Qf2 Nd3 37. Qg3 Qh5 38. Nxd5 exd5 39. Qf3 Qg5 40. Rf8+
Kb7 41. Qxd5+ Ka6 42. Qxc4+ Ka5 43. Qxd3 Qc1+ 44. Qf1 Qxb2 45. Qe1 Ka6 46. Rf2
Qb3 47. Qe2+ Kb7 48. Qe4+ Ka6 49. Qc2 Qc4 50. Qe2 Ka5 51. Qxc4 1-0

[Event "Titled Tue 27th May Early"]
[Site "chess.com INT"]
[Date "2025.05.27"]
[Round "8"]
[White "Nurgaliyev, Sauat"]
[Black "Mora Munoz, Alejandro"]
[Result "1-0"]
[WhiteTitle "IM"]
[BlackTitle "FM"]
[WhiteElo "2407"]
[BlackElo "2147"]
[WhiteFideId "13726285"]
[BlackFideId "4469844"]
[EventDate "2025.05.27"]

1. e4 c5 2. Nf3 d6 3. d4 cxd4 4. Nxd4 Nf6 5. Nc3 a6 6. a4 g6 7. Be2 Bg7 8. O-O
O-O 9. Be3 Nc6 10. Qd2 Nd7 11. Nxc6 bxc6 12. a5 Rb8 13. b3 Qc7 14. Ra2 Nf6 15.
Rd1 Be6 16. Bxa6 Nd7 17. Be2 c5 18. a6 Rfc8 19. Nb5 Qb6 20. c4 Ra8 21. a7 Ne5
22. Bh6 Bh8 23. Qa5 Qxa5 24. Rxa5 Nc6 25. Ra4 Bd7 26. Be3 Nb4 27. Bxc5 Bxb5 28.
Rxb4 Rxc5 29. cxb5 Rxa7 30. b6 Rb7 31. Ba6 Rb8 32. b7 Rc6 33. Bc4 Bc3 34. Rb5
Rc7 35. Rc1 d5 36. Bxd5 Be5 37. Rxc7 Bxc7 38. Rc5 Bd6 39. Rc8+ Kg7 40. g3 e6 41.
Bc6 Kf6 42. Kf1 Ke5 43. f4+ Kd4 44. e5 Rxb7 45. Bxb7 Bxe5 46. Rc4+ Ke3 47. fxe5
g5 48. Re4+ Kd3 49. Rc4 h6 50. Be4+ Ke3 51. b4 h5 52. b5 h4 53. b6 hxg3 54. hxg3 1-0

[Event "Titled Tue 27th May Early"]
[Site "chess.com INT"]
[Date "2025.05.27"]
[Round "8"]
[White "Gonzalez Vega, Alejandro"]
[Black "Dominguez, Ramiro"]
[Result "1-0"]
[WhiteTitle "FM"]
[BlackTitle "FM"]
[WhiteElo "2092"]
[BlackElo "2185"]
[WhiteFideId "3510042"]
[BlackFideId "4420055"]
[EventDate "2025.05.27"]

1. d4 Nf6 2. c4 e6 3. Nc3 d5 4. cxd5 exd5 5. Bg5 c6 6. e3 Be7 7. Bd3 Be6 8. Nge2
Nbd7 9. Qc2 h6 10. Bh4 Rc8 11. O-O O-O 12. f3 c5 13. Rad1 cxd4 14. exd4 Nb6 15.
Rfe1 Nc4 16. Bf2 Bb4 17. Qb3 Bxc3 18. Nxc3 b6 19. Bb1 Qc7 20. Bg3 Qb7 21. Qc2
Rfe8 22. Be5 Nxe5 23. dxe5 Nd7 24. Qh7+ Kf8 25. Qh8+ Ke7 26. Qxg7 Rh8 27. Qg3
Rcg8 28. Qf4 a6 29. Bc2 Rg5 30. Bb3 Rhg8 31. Re2 Qc6 32. Bxd5 Qc5+ 33. Kh1 Rf5
34. Qh4+ Ke8 35. Bxe6 fxe6 36. Ne4 Rxe5 37. Nxc5 Rxe2 38. Nxd7 Rgxg2 39. Qh5+
Ke7 40. Ne5 Kf6 41. Ng4+ 1-0